La tradición institucional salmantina de la Universidad de México (1551-1821) en la tradición universitaria occidental / (Record no. 169303)

MARC details
000 -LEADER
campo de control de longitud fija 00716nam a22001815i 4500
001 - NÚMERO DE CONTROL
campo de control 169303
003 - IDENTIFICADOR DE NÚMERO DE CONTROL
campo de control ES-MaACL
005 - FECHA Y HORA DE LA ÚLTIMA TRANSACCIÓN
campo de control 20230906214045.0
008 - DATOS DE LONGITUD FIJA--INFORMACIÓN GENERAL
campo de control de longitud fija 080829s1975 gw |||| | spa d
100 1# - ENTRADA PRINCIPAL--NOMBRE DE PERSONA
Nombre de persona Abadie-Aicardi, Aníbal,
9 (RLIN) 17952
245 13 - MENCIÓN DEL TÍTULO
Título La tradición institucional salmantina de la Universidad de México (1551-1821) en la tradición universitaria occidental /
Mención de responsabilidad, etc. por Aníbal Abadie-Aicardi.
260 ## - PUBLICACIÓN, DISTRIBUCIÓN, ETC.
Lugar de publicación, distribución, etc. Köln :
Nombre del editor, distribuidor, etc. Böhlau,
Fecha de publicación, distribución, etc. 1975.
300 ## - DESCRIPCIÓN FÍSICA
Extensión 66 p. ;
Dimensiones 23 cm.
595 ## -
-- Separata de: Jahrbuch für Geschichte von Staat, Wirtschaft und Gesellschaft, Lateinamerikas, Bnd. 12.
650 #4 - PUNTO DE ACCESO ADICIONAL DE MATERIA--TÉRMINO DE MATERIA
Término de materia o nombre geográfico como elemento de entrada Universidades-
Subdivisión geográfica Europa.
9 (RLIN) 138401
852 ## - LOCALIZACIÓN
Ubicación ES-MaACL
Número de control de estantería 2233-F-12
itemnumber R.143876
Holdings
Estatus retirado Estado de pérdida Estado de daño No para préstamo Colección Biblioteca de origen Biblioteca actual Ubicación en estantería Fecha de adquisición Fuente de adquisición Total de préstamos Signatura topográfica completa Código de barras Visto por última vez Precio de reemplazo Tipo de ítem Koha
        Colección de folletos Biblioteca del Ateneo de Madrid Biblioteca del Ateneo de Madrid Depósito folletos 29/08/2008     2233-F-12 1177747 23/02/2023 23/02/2023 Folleto